Rozpoznaj książkę po opisie #2 - Statystyki

Ogólne statystyki
  • Ten quiz został rozwiązany 34 razy
  • Średni wynik to 6 z 10
Statystyki odpowiedzi
Opis książki Tytuł % Poprawnych
Historia młodej dziewczyny, która trafia na Zielone Wzgórze, gdzie uczy się radzić sobie z codziennymi problemami. Jej wyobraźnia i żywiołowość często prowadzą do zabawnych sytuacji, ale też pokazują jej determinację i wrażliwość. To opowieść o dorastaniu, przyjaźni i poszukiwaniu swojego miejsca na świecie. Ania z Zielonego Wzgórza
100%
Historia bohatera, który odwiedza różne planety, poznając dziwne postacie i ucząc się o wartościach takich jak przyjaźń i miłość. Jego spotkanie z Różą i Lisem staje się podstawą do głębszych refleksji nad sensem życia. To filozoficzna opowieść o dziecięcej prostocie i dorosłej zagubieniu. Mały Książę
97%
Powieść przedstawia losy Rodiona Raskolnikowa, młodego studenta, który dokonuje morderstwa, wierząc, że czyni to w imię wyższych idei. Jednak jego sumienie i uczucia wobec Soni sprawiają, że zaczyna zmagać się z poczuciem winy i własnymi przekonaniami. To głęboka analiza ludzkiej psychiki i moralności. Zbrodnia i kara
88%
Historia Scarlett O’Hary, upartej i ambitnej kobiety, która walczy o przetrwanie w czasach wojny secesyjnej i odbudowy Południa. Jej burzliwy romans z Rhettem Butlerem oraz trudności życiowe stają się tłem do rozważań nad miłością, stratą i determinacją. To klasyka literatury obyczajowej i epickiej. Przeminęło z wiatrem
66%
Książka przedstawia historię rycerza, który wraz ze swoim wiernym giermkiem, Sancho Pansą, przemierza świat w poszukiwaniu przygód. Jego naiwność i szlachetność często prowadzą do komicznych sytuacji, ale też refleksji nad istotą idealizmu i rzeczywistości. Walka z wiatrakami stała się symbolem daremnego wysiłku. Don Kichot
63%
Historia polskiego chłopa, który za wszelką cenę chce zdobyć ziemię i zapewnić sobie lepszą przyszłość. Powieść ukazuje brutalną rzeczywistość życia wiejskiego, ale też głęboką determinację bohaterów w walce o przetrwanie. To klasyka polskiej literatury pozytywistycznej. Chłopi
59%
Historia tragicznej miłości bohatera do Lotty, kobiety zaręczonej z Albertem. Niezwykle emocjonalne listy głównego bohatera ukazują jego wewnętrzne rozterki i narastające poczucie beznadziejności. Powieść zakończona jest dramatycznym czynem, który stanowi krytykę społeczeństwa i niemożności spełnienia w miłości. Cierpienia młodego Wertera
59%
Historia młodej dziewczyny Jo March i jej trzech sióstr dorastających w XIX-wiecznej Ameryce. Ich codzienne zmagania, marzenia i miłości pokazują siłę rodzinnych więzi i znaczenie wytrwałości. To powieść obyczajowa o dorastaniu, ambicji i poszukiwaniu własnej drogi. Małe kobietki
44%
Historia życia bogatego mężczyzny o tajemniczej przeszłości, który organizuje wystawne przyjęcia w nadziei na odzyskanie miłości Daisy Buchanan. Powieść ukazuje pustkę amerykańskiego snu oraz dramat jednostki w świecie pełnym hipokryzji i materializmu. To jedno z najważniejszych dzieł literatury amerykańskiej. Wielki Gatsby
41%
Powieść o losach Tomka Wilmowskiego, młodego chłopca, który podróżuje po świecie z ojcem i przyjaciółmi. Przygodowe tło pełne jest egzotycznych miejsc, fascynujących ludzi i niebezpiecznych sytuacji. To opowieść o przygodzie, dorastaniu i pasji do odkrywania świata. Tomek w krainie kangurów
22%
Nie znaleziono quizów pasujących do podanych kryteriów
Rozkład punktacji
Procent ludzi z każdym wynikiem
Percentyl według liczby udzielonych odpowiedzi
Twoja historia wyników
Nie rozwiązałeś tego quizu